AI Tools and Methods for Improving Business Process Efficiency

Na minha lista:
Detalhes bibliográficos
Autor principal: Gálová, Lucia, 2001-
Outros Autores: Romanová, Anita, 1973-
Formato: Capítulo de Livro
Idioma:inglês
Assuntos:
Tags: Adicionar Tag
Sem tags, seja o primeiro a adicionar uma tag!

MARC

LEADER 00000naa$a2200000$$$4500
001 0314417
005 20260126080124.2
041 0 |a eng 
044 |a SK 
245 1 0 |a AI Tools and Methods for Improving Business Process Efficiency  |c Lucia Gálová, Anita Romanová 
610 2 0 |a ekonómia 
610 2 0 |a manažment 
610 2 0 |a podnikanie 
610 2 0 |a digitalizácia 
610 2 0 |a financie 
100 1 |a Gálová, Lucia, 2001- 
700 1 |a Romanová, Anita, 1973-